Créatures légendaires par images - Statistiques

Statistiques générales
  • Ce quiz a été pris 1 605 fois
  • Le résultat moyen est 16 sur 21
Statistiques - réponses
Par images Réponse % Correct
Dragon
99%
Licorne
99%
Sirène
99%
Vampire
98%
Fée
95%
Yéti
94%
Cyclope
93%
Centaure
90%
Minotaure
90%
Faucheuse
87%
Méduse
87%
Cerbère
86%
Nain
86%
Phénix
84%
Kraken
81%
Griffon
72%
Leprechaun
57%
Troll
45%
Gnome
43%
Hippogriffe
32%
Lapin de Pâques
26%
Aucun quiz correspondant
Distribution des résultats
% des personnes avec chaque résultat
Percentile par nombre de réponses
Votre historique - résultats
Vous n’avez pas pris ce quiz